مكتبة جامعة عجلون الوطنية

فهرس بحث المكتبة

The Master Guide to Drawing Anime : how to draw original Characters From Simple Templates / (Record no. 33722)

MARC details
000 -LEADER
fixed length control field 01561cam a2200409 i 4500
001 - CONTROL NUMBER
control field 18252607
003 - CONTROL NUMBER IDENTIFIER
control field JO-AjAnu
005 - DATE AND TIME OF LATEST TRANSACTION
control field 20241019095600.0
008 - FIXED-LENGTH DATA ELEMENTS--GENERAL INFORMATION
fixed length control field 140804s2015 nyua 001 0 eng
010 ## - LIBRARY OF CONGRESS CONTROL NUMBER
LC control number 2014030200
020 ## - INTERNATIONAL STANDARD BOOK NUMBER
International Standard Book Number 9781936096862
020 ## - INTERNATIONAL STANDARD BOOK NUMBER
International Standard Book Number 1936096862
040 ## - CATALOGING SOURCE
Original cataloging agency DLC
Language of cataloging eng
Description conventions rda
Transcribing agency DLC
Modifying agency DLC
-- JO-AjAnu
041 ## - LANGUAGE CODE
Language code of text/sound track or separate title ENG
042 ## - AUTHENTICATION CODE
Authentication code pcc
043 ## - GEOGRAPHIC AREA CODE
Geographic area code a-ja---
050 00 - LIBRARY OF CONGRESS CALL NUMBER
Classification number NC1764.5.J3
Item number H36945 2015
082 00 - DEWEY DECIMAL CLASSIFICATION NUMBER
Classification number 741.5/8
Edition number 23
100 1# - MAIN ENTRY--PERSONAL NAME
Personal name Hart, Christopher,
Dates associated with a name 1957-
Relator term author.
245 14 - TITLE STATEMENT
Title The Master Guide to Drawing Anime : how to draw original Characters From Simple Templates /
Statement of responsibility, etc. Christopher Hart.
246 30 - VARYING FORM OF TITLE
Title proper/short title Drawing with Christopher Hart : master guide to drawing anime
250 ## - EDITION STATEMENT
Edition statement First Edition.
264 #1 - PRODUCTION, PUBLICATION, DISTRIBUTION, MANUFACTURE, AND COPYRIGHT NOTICE
Place of production, publication, distribution, manufacture New York :
Name of producer, publisher, distributor, manufacturer Sixth&Spring Books,
Date of production, publication, distribution, manufacture, or copyright notice [2015]
300 ## - PHYSICAL DESCRIPTION
Extent 144 pages :
Other physical details color illustrations ;
Dimensions 26 cm
336 ## - CONTENT TYPE
Content type term text
Content type code txt
Source rdacontent
337 ## - MEDIA TYPE
Media type term unmediated
Media type code n
Source rdamedia
338 ## - CARRIER TYPE
Carrier type term volume
Carrier type code nc
Source rdacarrier
500 ## - GENERAL NOTE
General note Includes index.
650 #0 - SUBJECT ADDED ENTRY--TOPICAL TERM
Topical term or geographic name entry element Comic books, strips, etc.
Geographic subdivision Japan
General subdivision Technique.
650 #0 - SUBJECT ADDED ENTRY--TOPICAL TERM
Topical term or geographic name entry element Cartooning
General subdivision Technique.
650 #0 - SUBJECT ADDED ENTRY--TOPICAL TERM
Topical term or geographic name entry element Comic strip characters.
856 42 - ELECTRONIC LOCATION AND ACCESS
Materials specified Contributor biographical information
Uniform Resource Identifier <a href="http://www.loc.gov/catdir/enhancements/fy1501/2014030200-b.html">http://www.loc.gov/catdir/enhancements/fy1501/2014030200-b.html</a>
856 42 - ELECTRONIC LOCATION AND ACCESS
Materials specified Publisher description
Uniform Resource Identifier <a href="http://www.loc.gov/catdir/enhancements/fy1501/2014030200-d.html">http://www.loc.gov/catdir/enhancements/fy1501/2014030200-d.html</a>
906 ## - LOCAL DATA ELEMENT F, LDF (RLIN)
a 7
b cbc
c orignew
d 1
e ecip
f 20
g y-gencatlg
942 ## - ADDED ENTRY ELEMENTS (KOHA)
Source of classification or shelving scheme Library of Congress Classification
Koha item type Books
Suppress in OPAC No
Holdings
Withdrawn status Lost status Source of classification or shelving scheme Damaged status Not for loan Home library Current library Date acquired Total Checkouts Full call number Barcode Date last seen Price effective from Koha item type
    Library of Congress Classification     مكتبة جامعة عجلون الوطنية مكتبة جامعة عجلون الوطنية 16/10/2024   NC1764.5.J3.H36945 2015 E3918 16/10/2024 16/10/2024 Books